Formula One Race Winners 2010s - Statistics

General Stats
  • This quiz has been taken 349 times
  • The average score is 10 of 12
Answer Stats
Wins Driver % Correct
73 Lewis Hamilton
100%
47 Sebastian Vettel
98%
11 Fernando Alonso
94%
23 Nico Rosberg
91%
3 Kimi Raikkonen
90%
7 Daniel Ricciardo
89%
8 Max Verstappen
89%
7 Valtteri Bottas
85%
7 Mark Webber
84%
8 Jenson Button
83%
2 Charles Leclerc
74%
1 Pastor Maldonado
66%
No matching quizzes found
Score Distribution
Percent of People with Each Score
Percentile by Number Answered
Your Score History
You have not taken this quiz